[Event "Topusko op 3rd"]
[Site "Topusko"]
[Date "2014.08.13"]
[Round "7"]
[White "Dalic, Jelena"]
[Black "Dvorski, Renato"]
[Result "0-1"]
[WhiteElo "1618"]
[BlackElo "1949"]
[PlyCount "88"]
[EventDate "2014.08.08"]
[EventType "swiss"]
[EventRounds "9"]
[EventCountry "CRO"]
[SourceTitle "CBM 162 Extra"]
[Source "ChessBase"]
[SourceDate "2014.10.17"]
[SourceVersion "1"]
[SourceVersionDate "2014.10.17"]
[SourceQuality "1"]

1. e4 e5 2. Nf3 Nc6 3. Nc3 Nf6 4. d4 exd4 5. Nxd4 Bb4 6. Nxc6 Bxc3+ 7. bxc3 dxc6 8. Bd3 Ng4 9. 0-0 Ne5 10. Bf4 Nxd3 11. cxd3 Be6 12. Qf3 0-0 13. Qg3 Rc8 14. e5 Bf5 15. d4 Qd5 16. Bg5 Qe4 17. f4 Kh8 18. Rae1 Qd5 19. Qh4 Qe6 20. h3 h6 21. g4 Bh7 22. f5 hxg5 23. Qxh7+ Kxh7 24. fxe6 fxe6 25. Rxf8 Rxf8 26. Rf1 Rxf1+ 27. Kxf1 Kg8 28. Ke2 Kf7 29. Kd3 Ke7 30. Kc4 b6 31. Kd3 Kd7 32. c4 Kc8 33. Ke4 g6 34. a3 Kd7 35. Kf3 a6 36. Ke4 b5 37. c5 a5 38. Kd3 Kc8 39. Kc3 Kb7 40. Kb3 a4+ 41. Kc3 Ka7 42. Kb4 Ka6 43. d5 cxd5 44. c6 Kb6 0-1